WWE King of the Ring PPV Title Winners - Statistics

General Stats
  • This quiz has been taken 22 times
  • The average score is 7 of 10
Answer Stats
Year Title Won Wrestler % Correct
2000 WWF Championship The Rock
85%
1993 WWF Championship Yokozuna
85%
1996 Intercontinental Ahmed Johnson
69%
2000 WWF Tag Team Christian
69%
2000 Hardcore Crash Holly
69%
2000 WWF Tag Team Edge
69%
1998 WWF Championship Kane
69%
2024 Women's World Liv Morgan
69%
2002 Women's Molly Holly
69%
2002 Cruiserweight Jamie Noble
62%
No matching quizzes found
Score Distribution
Percent of People with Each Score
Percentile by Number Answered
Your Score History
You have not taken this quiz